000 00488nam a22001577a 4500
005 20260119115544.0
008 260119b |||||||| |||| 00| 0 eng d
020 _a978-1785888883585-8
100 _aWERDELIN, JAKOB
245 _aTHE BEGINNER'S GUIDE TO COOPERATIVE LEARNING
_bMAKE YOUR LEARNERS YOUR MAIN TEACHING RESOURCE
260 _aWEST YORKISHIRE
_bCROWN HOUSE PUBLISHING
300 _aIII, 198P.
500 _aINCLUDES INDEX
650 _aWORK IN EDUCATION
942 _2lcc
_cBK
999 _c216481
_d216481